000 02052nam0a2200337 4500
001 RU\NLR\BIBL_A\011690952
005 20200901131942.0
010 _a978-5-7890-1351-9
_9100
021 _aRU
_bКН-П-18-022558
_9КН-П-18-1640
035 _a(NLR Aleph) 011690952
035 _a(RuMoRGB)009586268
090 _a11337793
_c11337793
100 _a20180428d2017 u y0rusy50 ca
101 0 _arus
102 _aRU
105 _a |||j|||000zy
200 1 _aСопротивление материалов и техническая механика
_eучебное пособие
_fХ.П. Культербаев, Б.М. Языев, С.В. Литвинов
_gМинистерство образования и науки Российской Федерации, Федеральное государственное бюджетное образовательное учреждение высшего образования "Донской государственный технический университет"
210 _aРостов-на-Дону
_cДГТУ
_d2017
215 _a148 с.
_cил., табл.
_d21
320 _aБиблиогр.: с. 131-132 (14 назв.)
606 1 _aСопротивление материалов
_jУчебные издания для высших учебных заведений
_xЗадачи
_xРешение
_92107983
_3RU\NLR\AUTH\661274210
606 1 _aТехническая механика
_jУчебные издания для высших учебных заведений
_xЗадачи
_xРешение
_92216153
_3RU\NLR\AUTH\6601564516
686 1 _aЖ12с116я73-1
700 1 _7ca
_8rus
_aКультербаев
_bХ. П.
_gХусен Пшимурзович
_9220052
_3RU\NLR\AUTH\770220108
701 1 _aЯзыев
_bБ. М.
_gБатыр Меретович
701 1 _aЛитвинов
_bС. В.
_gСтепан Викторович
942 _cBOOK
980 _aNBR
980 _aNB